Statistics for Most Populous Countries in 1600

Click here to take the quiz!

General Stats

  • This quiz has been taken 622 times
  • The average score is 14 of 20

Answer Stats

Est. PopulationCountry/Empire% Correct
160,000,000Ming Empire
98%
29,997,000Iberian Union
96%
20,000,000Kingdom of France
93%
88,000,000Mughal Empire
93%
14,000,000Tsardom of Russia
93%
18,500,000Tokugawa shogunate
84%
5,600,000Kingdom of England
83%
5,550,000Habsburg Monarchy
76%
7,950,000Polish–Lithuanian Commonwealth
75%
20,300,000Holy Roman Empire
72%
26,000,000Ottoman Empire
70%
3,200,000Persia
69%
9,879,000Joseon
67%
1,300,000Kingdom of Sweden
67%
1,500,000Dutch Republic
66%
2,236,000Ayutthaya Kingdom
62%
4,447,000Đại Việt
46%
2,104,000Ethiopian Empire
37%
2,380,000Myanmar
32%
2,250,000Kingdom of Morocco
28%

Score Distribution

Percentile by Number Answered

Percent of People with Each Score

Your Score History

You have not taken this quiz